00330nam a2200097 450000500170000002000180001708200150003508400250005024501080007526000490018320260505142043.0 a9781657404949 a571.43 ALE 2Colon Classification aComputational Biomechanics and Systems Biology: bFrom Models to Mechanisms/cEdited by Karyn Alexander aNew York:bSyrawood Publishing House;c2025.